000 00256nam a2200121 i 4500
001 bg
245 0 _aKonstytucja 3 Maja 1791.
260 _aWarszawa,
_c1983.
040 _cBPK
041 _apol
942 _cKS
008 s pl f |000 0 pol
999 _c22270
_d22270
856 _uhttp://koha.tu.koszalin.pl/cgi-bin/koha/opac-detail.pl?biblionumber=22270
_yKatalog online BPK